00308nam a22001337a 4500003000400000008004100004020001800045082001500063100002100078245002300099250001100122260003200133300000900165OSt260219b |||||||| |||| 00| 0 eng d a9788124806951 a398.22 BUA aBURTON,Richard F aThe Arabian Nights a1st Ed aNew DelhibPeacock Classics a397p